Statistics for Counties of England Closest to Big Ben with a Radial Map

Click here to take the quiz!

General Stats

  • This quiz has been taken 77 times
  • The average score is 13 of 16

Answer Stats

County % Correct
Greater London
96%
Essex
88%
Kent
88%
Oxfordshire
87%
Suffolk
87%
City of London
86%
East Sussex
84%
West Sussex
84%
Cambridgeshire
83%
Surrey
83%
Hampshire
78%
Bedfordshire
75%
Buckinghamshire
75%
Berkshire
74%
Hertfordshire
72%
Northamptonshire
55%

Score Distribution

Percentile by Number Answered

Percent of People with Each Score

Your Score History

You have not taken this quiz